000 00516nam a2200181Ia 4500
008 090123s9999 xx 000 0 und d
082 _b10242
100 _aइचनुर शांता
245 _aबंधितरु
250 _a1
260 _bदोड्डमने प्रकाशन
_c1982
300 _a106
600 _aइचनुर शांता
630 _aबंधितरु
700 _aइचनुर शांता
730 _aबंधितरु
942 _cBOOK
999 _c48308
_d48308